Most Popular Ice Cream Toppings - Statistics

General Stats
  • This quiz has been taken 62 times
  • The average score is 4 of 15
Answer Stats
people like this Answer % Correct
74% Whipped Cream
58%
72% Chocolate Chips
51%
80% Chocolate Syrup
51%
69% Strawberries
44%
82% Oreos
42%
74% M&Ms
31%
78% Cookie Dough
27%
76% Caramel Syrup
25%
67% Reese's Peanut Butter Cups
24%
78% Brownie Bites
18%
65% Twix
11%
70% Peanut Butter Cup
9%
72% Melted Chocolate
5%
69% Waffle Cone Pieces
4%
68% Hershey Pieces
2%
No matching quizzes found
Score Distribution
Percent of People with Each Score
Percentile by Number Answered
Your Score History
You have not taken this quiz